000
00417nam a2200145Ia 4500
008
100204s9999 xx 000 0 und d
082
_b
7981
100
_a
शहा प्र. पो.
245
_a
वायरमन
260
_b
"अरुणा प्रकाश शहा, पुणे 11"
_c
1985 7
300
_a
288
630
_a
वायरमन
730
_a
वायरमन
942
_c
BOOK
999
_c
452417
_d
452414